[Event "Niederbayernliga 1213"]
[Site "Bayern"]
[Date "2013.??.??"]
[Round "8"]
[White "Kuespert, Erwin"]
[Black "Seitz, August"]
[Result "1-0"]
[WhiteElo "1760"]
[BlackElo "1573"]
[PlyCount "75"]
[EventDate "2012.10.14"]
[EventType "team-tourn"]
[EventRounds "9"]
[EventCountry "GER"]
[SourceTitle "EXT 2023"]
[Source "ChessBase"]
[SourceDate "2022.10.05"]
[SourceVersion "1"]
[SourceVersionDate "2022.10.05"]
[SourceQuality "1"]
[WhiteTeam "Schaibing"]
[BlackTeam "Aidenbach"]
[WhiteTeamCountry "GER"]
[BlackTeamCountry "GER"]

1. d4 d5 2. Nf3 Nf6 3. e3 Bg4 4. c4 dxc4 5. Bxc4 e6 6. Qb3 b6 7. Ne5 Bf5 8. Bb5+ Nbd7 9. Qa4 Be4 10. f3 Bb7 11. 0-0 a6 12. Be2 c5 13. Rd1 b5 14. Qc2 c4 15. e4 Qb6 16. Nxd7 Nxd7 17. a4 Be7 18. axb5 axb5 19. Rxa8+ Bxa8 20. b3 e5 21. Be3 exd4 22. Bxd4 Bc5 23. Qc3 Ke7 24. bxc4 b4 25. Bxc5+ Qxc5+ 26. Qd4 Qxd4+ 27. Rxd4 Nc5 28. e5 Bb7 29. Rd6 Nd7 30. f4 Ra8 31. Rd2 Nc5 32. Rb2 b3 33. Nc3 Ra1+ 34. Kf2 Rc1 35. Nd5+ Kd8 36. Nb4 Ne4+ 37. Ke3 Kd7 38. Kd4 1-0